Регионална библиотека "Любен Каравелов" - Русе

Бащите не си отиват (Запис номер 202883)

MARC детайли
000 -Лидер
Контролно поле с фиксирана дължина 02055nam a2200289 c 4500
003 - Код на организацията, давaща контролен номер
Контролно поле BLK
005 - Дата и час на последна редакция
Контролно поле 20240427113554.0
008 - Елементи от данни с фиксирана дължина
fixed length control field 180411b bul|||||r ||||||| ||bul||
010 ## - Наследен системен номер
LC control number KNG00212375000
020 ## - Международен стандартен номер на книга ISBN
Международен стандартен номер на книга ISBN 978-619-7153-24-8
040 ## - Източник на каталожния запис
Идентификатор на билиотеката - собственик на записа BLK
041 ## - Код за език
Код за езика на текст/звукозапис или на отделно заглавие Български
Код за езика КДБФ Български
080 ## - УДК
Текстов определител УДК Българска литература
УДК код - определител по УДК 821.163.2
УДК определител -32(082)
УДК - код + определител 821.163.2-32(082)
139 ## - Редно поле
Редна дума Бащите не си отиват
Авторски знак Бах - Б 30
245 10 - Сведения за заглавието
Заглавие Бащите не си отиват
Редно поле (дума) състав. и ред. Невена Венциславова Дишлиева-Кръстева
257 ## - Страна на издаване
Страна на създаване/издаване България
260 ## - Област на издателските данни
Име на издателя, разпространителя и проч. ICU
Година на издаване 2017
Печатница Пловдив : ПК Жанет 45
Място на издаване, разпространение и проч. София
300 ## - Физическа характеристика
Страници 227 с.
Размери/Мащаб 19 см
380 ## - Жанр
Жанр Худож. лит.
500 ## - Общи забележки
Забележка Биогр. данни за авт. отпеч. преди разказите. - Ние, оцелелите : няколко думи за начало / Невена Дишлиева-Кръстева: с. 7-11. - На гърба на кн. означено 2. - Съдържа разкази от: Кети Иванова, Цветана Кръстева, Теа Денолюбова, Мария Касимова-Моасе, Василена Чонова, Марин Бодаков, Камен Алипиев - Кедъра, Силвия Чолева, Биляна Курташева, Валентин Дишев, Катя Атанасова, Екатерина Петрова, Надежда Радулова, Зорница София Попганчева, Димитър Коцев - Шошо, Ина Иванова, Ерна Ангелова, Златна Костова, Мариана Де Мео, Манол Пейков, Райна Димитрова, Елена Панайотова, Маргарита Велева, Василена Мирчава.
700 ## - Други автори (авторска отговорност)
Лично име Дишлиева-Кръстева, Невена Венциславова
9 (RLIN) 368652
852 ## - Местоположение
Форматна сигнатура Цб 287173
856 4# - Електронен адрес и достъп
Електронен формат pdf - файл
856 4# - Електронен адрес и достъп
Електронен формат pdf - файл
942 ## - АРТИКУЛИ
Вид на библиотечния материал Книги
Скрит в OPAC Не
Koha issues (borrowed), all copies 9
944 ## - СЪЗДАВАНЕ И РЕДАКЦИЯ на ЗАПИСА
Създаване/Редакция Създаване
Дата на регистрацията/редакция 2024-03-06
Статус, дата на статуса Теодора Пейчева-Дянкова
Служител, извършил регистрацията/редакцията 30556
999 ## - СИСТЕМНИ КОНТРОЛНИ НОМЕРА
Koha biblionumber 202883
Koha biblioitemnumber 202883
Наличности
Код за отписване Код за изгубен артикул Код за повреда Коз за рестрикции Код за отдаване Артикулен № Име на библиотеката - собственик Име на библиотеката, в която се намира в момента Статус (Текущо местоположение) Дата на вписване в системата Местоположение - отдел Цена в лева Инвентарен номер Систематично азбучна сигнатура Баркод Номер на екземпляра Цена в евро Служебна бележка Служебен тип на артикула
  Не е изгубен Не е повреден без рестрикции заемане за дома 350637 Регионална библиотека "Любен Каравелов" Русе Регионална библиотека "Любен Каравелов" Русе Заемна - подръчен фонд 2017-09-20 Заемна - подръчен фонд 11.26 120000815085 П 886.7-32/Б 30 120000815085 1 5.76 Дост: Pk Вид: Ф N: 874 Дата: 16.09.2017 Дата инв: 14.02.2018 Бележки инв: П2018 Книги
  Не е изгубен Не е повреден без рестрикции ползва се в читалня 350638 Регионална библиотека "Любен Каравелов" Русе Регионална библиотека "Любен Каравелов" Русе Хранилище 2017-10-13 Хранилище 15.00 120000815838 Цб 287173 120000815838 2 7.67 Дост: Dp Вид: Д N: 36 Дата: 04.08.2017 Книги
Vip Innovations Ltd, Rousse, Bulgaria 2025